000 01753nam a2200481 i 4500
001 ELB106175
003 FINmELB
005 20250326043137.0
006 m o u
007 cr cn|||||||||
008 210309s2011 sp ob 001 0 spa d
020 _a9781512966596
_q(e-book)
020 _z9788492980437
035 _a(OCoLC)1241984687
040 _aFINmELB
_bspa
_erda
_cFINmELB
050 4 _aKKT1328
_b.J835 2011
080 _a3.087.43
082 0 4 _a344.4601398
_223
245 0 0 _aJubilación parcial y empleo /
_ccoordinadora de la obra: Ma. Dolores Pérez Rodríguez.
250 _a2a. Edición.
264 1 _aMálaga :
_bEditorial ICB,
_c2011.
300 _a1 recurso en línea (119 páginas)
336 _atexto
_btxt
_2rdacontent/spa
337 _acomputadora
_bc
_2rdamedia/spa
338 _arecurso en línea
_bcr
_2rdacarrier/spa
500 _aContiene índice.
500 _aIncluye solucionario.
504 _aIncluye bibliografía.
588 _aDescripción basada en metadatos suministrados por el editor y otras fuentes.
590 _aRecurso electrónico. Santa Fe, Arg.: elibro, 2021. Disponible vía World Wide Web. El acceso puede estar limitado para las bibliotecas afiliadas a elibro.
650 0 _aPhased retirement
_xLaw and legislation
_zSpain.
650 4 _aTrabaja.
650 4 _aJubilación progresiva
_xDerecho y legislación
_zEspaña.
650 0 _aWork.
655 4 _aLibros electrónicos.
700 1 _aPérez Rodríguez, María Dolores,
_ecoordinador.
797 2 _aelibro, Corp.
856 4 0 _uhttps://elibro.net/ereader/usam/106175
999 _c141333
_d141333